| 000 | 00936nam a2200229 i 4500 | ||
|---|---|---|---|
| 001 | 124777 | ||
| 003 | ES-MaACL | ||
| 005 | 20250810211858.0 | ||
| 007 | t| | ||
| 008 | 070419s1924 sp ||||1| spa d | ||
| 100 | 1 |
_aLópez Núñez, Alvaro. _973832 |
|
| 245 | 1 | 0 |
_aElogio de Federico H. Shaw / _cdiscurso de Alvaro López Núñez. |
| 260 |
_aMadrid : _b[s.n.], _c1924 ( _fSobrinos Sucesores de Minuesa de los Ríos) |
||
| 300 |
_a19 p. ; _c20 cm. |
||
| 490 | 1 |
_aPublicaciones del Instituto Nacional de Previsión ; _v133 |
|
| 500 | _aLeído en la sesión celebrada en El Ferrol el día 26 de octubre de 1924, con motivo de la colocación de una lápida en la casa en que nació Shaw. | ||
| 500 | _aFoto de Federico H. Shaw. | ||
| 600 | 1 | 7 |
_aShaw, Federico H., _d1864-1923 _2 _9155600 |
| 830 | 0 |
_aPublicaciones del Instituto Nacional de Previsión ; _v133 _9181151 |
|
| 852 |
_aES-MaACL _jC-12628(2) |
||
| 999 |
_c124777 _d124777 |
||